[Event "C.to Europeo U16"]
[Site "Fermo ITA"]
[Date "2009.09.08"]
[Round "8"]
[White "Van Kampen, Robin"]
[Black "Firat, Burak"]
[Result "1-0"]
[WhiteElo "2383"]
[BlackElo "2310"]
[PlyCount "75"]
[EventDate "2009.08.31"]

1. e4 c5 2. Nf3 Nc6 3. Bb5 d6 4. d4 cxd4 5. Qxd4 Bd7 6. Bxc6 Bxc6 7. Nc3 Nf6 8.
Bg5 e6 9. O-O-O Be7 10. Qd3 Qa5 11. h4 h6 12. Bd2 d5 13. e5 Nd7 14. Rhe1 Rc8
15. Nd4 Qb6 16. f4 Bxh4 17. Re2 Nc5 18. Qh3 Be7 19. f5 Na4 20. Nb3 Nxc3 21.
Bxc3 Qa6 22. Nd4 Qxa2 23. f6 gxf6 24. exf6 Bf8 25. Nxe6 fxe6 26. Qxe6+ Kd8 27.
f7 Rh7 28. Qf5 Qa1+ 29. Kd2 Qa4 30. b3 Qb5 31. Qxh7 d4 32. Bxd4 Kc7 33. Re8
Qg5+ 34. Kc3 a5 35. Rxc8+ Kxc8 36. Qg8 Qd8 37. Bb6 Qf6+ 38. Rd4 1-0

[Event "C.to Europeo U16"]
[Site "Fermo ITA"]
[Date "2009.09.09"]
[Round "9"]
[White "Colon Garcia, Enrique"]
[Black "Pecurica, Milos"]
[Result "1-0"]
[WhiteElo "2173"]
[BlackElo "2010"]
[PlyCount "49"]
[EventDate "2009.08.31"]

1. e4 c5 2. Nf3 d6 3. d4 cxd4 4. Nxd4 Nf6 5. Nc3 Nc6 6. Bg5 e6 7. Qd2 Be7 8.
O-O-O Nxd4 9. Qxd4 O-O 10. f4 Qa5 11. Bc4 Bd7 12. e5 dxe5 13. fxe5 Bc6 14. Bd2
Nd7 15. Nd5 Qd8 16. Nxe7+ Qxe7 17. Rhe1 Nb6 18. Bf1 Rfd8 19. Qg4 Rac8 20. Kb1
Qc5 21. Bd3 Rxd3 22. cxd3 Qb5 23. Bh6 g6 24. Ka1 Qa5 25. Qh4 1-0

[Event "C.to Europeo U16"]
[Site "Fermo ITA"]
[Date "2009.09.09"]
[Round "9"]
[White "Firat, Burak"]
[Black "Nakar, Eylon"]
[Result "1-0"]
[WhiteElo "2310"]
[BlackElo "2242"]
[PlyCount "65"]
[EventDate "2009.08.31"]

1. e4 e6 2. d4 d5 3. Nc3 Nf6 4. e5 Nfd7 5. f4 c5 6. Nf3 Nc6 7. Be3 Be7 8. Qd2
O-O 9. Be2 a6 10. O-O b5 11. a3 Qb6 12. Nd1 a5 13. c3 Ba6 14. Bf2 b4 15. Bxa6
Rxa6 16. f5 bxc3 17. bxc3 Rb8 18. Qf4 Qd8 19. Ne3 Nf8 20. Qg4 Kh8 21. Qh5 cxd4
22. cxd4 f6 23. Bg3 Rb3 24. Rae1 Rd3 25. fxe6 g6 26. Qh6 f5 27. Bh4 Bxh4 28.
Nxh4 Nxd4 29. e7 Qxe7 30. Nexf5 Nxf5 31. Nxf5 Qc5+ 32. Kh1 Ne6 33. Nd4 1-0

[Event "C.to Europeo U16"]
[Site "Fermo ITA"]
[Date "2009.09.09"]
[Round "9"]
[White "Grandelius, Nils"]
[Black "Kanarek, Marcel"]
[Result "1-0"]
[WhiteElo "2515"]
[BlackElo "2422"]
[PlyCount "67"]
[EventDate "2009.08.31"]

1. e4 c5 2. Nf3 g6 3. d4 cxd4 4. Qxd4 Nf6 5. e5 Nc6 6. Qa4 Nd5 7. Qe4 Ndb4 8.
Bb5 Qa5 9. Nc3 d5 10. exd6 Bf5 11. Qe5 f6 12. Bxc6+ Nxc6 13. Qxa5 Nxa5 14. dxe7
Bxe7 15. Nd4 Bb4 16. Nxf5 Bxc3+ 17. bxc3 gxf5 18. O-O Rc8 19. Rb1 O-O 20. Rb5
b6 21. Rxf5 Rxc3 22. Bd2 Rxc2 23. Bxa5 bxa5 24. Rxa5 Rf7 25. Re1 Re7 26. Kf1
Rd7 27. g4 Kf7 28. a3 Rdd2 29. Rf5 Rd4 30. g5 Kg6 31. gxf6 Rc7 32. Rf3 Rd6 33.
Re7 Rc1+ 34. Kg2 1-0

[Event "C.to Europeo U16"]
[Site "Fermo ITA"]
[Date "2009.09.09"]
[Round "9"]
[White "Halvax, Georg"]
[Black "Pavlidis, Antonios"]
[Result "1/2-1/2"]
[WhiteElo "2260"]
[BlackElo "2360"]
[PlyCount "121"]
[EventDate "2009.08.31"]

1. e4 c5 2. Nf3 d6 3. d4 cxd4 4. Nxd4 Nf6 5. Nc3 g6 6. Be3 Bg7 7. f3 Nc6 8. Qd2
O-O 9. Bc4 Bd7 10. O-O-O Rb8 11. Kb1 b5 12. Nxc6 Bxc6 13. Bd5 Bd7 14. h4 a5 15.
Bg5 b4 16. Ne2 Nxd5 17. exd5 b3 18. cxb3 a4 19. Bh6 Bxh6 20. Qxh6 axb3 21. a3
Qc8 22. Rc1 Qb7 23. h5 Qxd5 24. hxg6 Qd3+ 25. Ka1 Qxg6 26. Qe3 e5 27. Rh6 Qg7
28. Rxd6 Be6 29. g4 Ra8 30. Nc3 Rfc8 31. Rh1 e4 32. fxe4 Qe5 33. Rhd1 Kh8 34.
R6d2 Rg8 35. Rh1 Rxg4 36. Rdh2 Qg7 37. Nd5 Rg6 38. Nf4 Kg8 39. Rxh7 Qxh7 40.
Rxh7 Kxh7 41. Nxe6 Rxe6 42. Qxb3 Rae8 43. a4 Kg8 44. Ka2 Rxe4 45. Qg3+ Kh7 46.
b3 R8e5 47. Qc3 Re3 48. Qc7 Re7 49. Qf4 Kg6 50. Qg4+ Kh6 51. Ka3 R7e5 52. Qh4+
Kg6 53. Qd8 Re8 54. Qc7 R8e7 55. Qc6+ Kg5 56. a5 f5 57. Ka4 f4 58. Qg2+ Kf5 59.
b4 f3 60. Qf2 Kg4 61. Qg1+ 1/2-1/2

[Event "C.to Europeo U16"]
[Site "Fermo ITA"]
[Date "2009.09.09"]
[Round "9"]
[White "Immonen, Vihtori"]
[Black "Schneider, Rafael"]
[Result "1/2-1/2"]
[WhiteElo "1872"]
[BlackElo "1823"]
[PlyCount "59"]
[EventDate "2009.08.31"]

1. e4 c5 2. Nf3 Nc6 3. d4 cxd4 4. Nxd4 Nf6 5. Nc3 e5 6. Ndb5 d6 7. Bg5 a6 8.
Na3 Be6 9. Nc4 Rc8 10. Ne3 Be7 11. Bxf6 Bxf6 12. Ncd5 Bg5 13. c3 Bxe3 14. Nxe3
Ne7 15. Qa4+ Qd7 16. Qxd7+ Bxd7 17. O-O-O Rc6 18. Nc4 Nc8 19. Kc2 Be6 20. b3
O-O 21. Rd2 f5 22. Bd3 Ne7 23. exf5 Bxf5 24. Bxf5 Nxf5 25. Rhd1 Rfc8 26. Nxd6
Rxc3+ 27. Kb1 Nxd6 28. Rxd6 R8c7 29. Rd8+ Kf7 30. R8d7+ 1/2-1/2

[Event "C.to Europeo U16"]
[Site "Fermo ITA"]
[Date "2009.09.09"]
[Round "9"]
[White "Javakhadze, Zurab"]
[Black "Pozueta Alegria, Adrian"]
[Result "1-0"]
[WhiteElo "2309"]
[BlackElo "2022"]
[PlyCount "72"]
[EventDate "2009.08.31"]

1. Nf3 Nf6 2. c4 g6 3. Nc3 Bg7 4. g3 c6 5. Bg2 d5 6. cxd5 cxd5 7. O-O O-O 8. d4
Nc6 9. Ne5 Bf5 10. Nxc6 bxc6 11. Na4 Nd7 12. Be3 Qa5 13. b3 e5 14. dxe5 Nxe5
15. Bd4 Rfe8 16. Rc1 Rac8 17. h3 Nd3 18. Bxg7 Nxc1 19. Bc3 Nxe2+ 20. Qxe2 Rxe2
21. Bxa5 Rxa2 22. Bc3 Re8 23. Bd4 Ra3 24. Nc5 h5 25. Rc1 Ra2 26. Nb7 Bc2 27.
Nc5 Bf5 28. Na4 Rc2 29. Ra1 Be4 30. Bf1 Rc8 31. Nc5 Rc7 32. Be5 Rc8 33. Nxe4
dxe4 34. Rxa7 Re8 35. Bd4 Rd8 36. Bf6 Re8 1-0

[Event "C.to Europeo U16"]
[Site "Fermo ITA"]
[Date "2009.09.09"]
[Round "9"]
[White "Kaforos, Dimitrios-Alkis"]
[Black "Seegert, Kristian"]
[Result "1-0"]
[WhiteElo "2209"]
[BlackElo "2103"]
[PlyCount "115"]
[EventDate "2009.08.31"]

1. e4 c5 2. Nf3 d6 3. d4 cxd4 4. Nxd4 Nf6 5. Nc3 g6 6. Be3 Bg7 7. f3 O-O 8. Qd2
Nc6 9. O-O-O Bd7 10. g4 Rc8 11. h4 Ne5 12. h5 Qa5 13. Kb1 Nxf3 14. Nxf3 Bxg4
15. Nd5 Nxd5 16. Qxa5 Nxe3 17. Be2 Bxf3 18. Bxf3 Rxc2 19. Rd2 b6 20. Qb4 a5 21.
Rxc2 axb4 22. Rc7 Re8 23. Re1 Bd4 24. Kc1 b5 25. b3 Ra8 26. h6 f6 27. e5 Rf8
28. e6 Nf5 29. Be4 Re8 30. Bxf5 gxf5 31. Kb1 f4 32. Rf1 Be3 33. Kc2 f3 34. Rh1
f2 35. Kd3 Bxh6 36. Rf1 Kg7 37. Rxf2 Kg6 38. Ke4 Bg5 39. Rb7 Rc8 40. Rxb5 Rc3
41. Rxb4 f5+ 42. Kd5 Rc5+ 43. Kd4 Kf6 44. Re2 Bf4 45. Rc4 Be5+ 46. Kd3 Rd5+ 47.
Kc2 Kxe6 48. b4 Kd7 49. a4 Rd4 50. Rxd4 Bxd4 51. Kd3 e5 52. Rc2 Ba7 53. a5 e4+
54. Kc4 Ke6 55. b5 d5+ 56. Kb4 f4 57. b6 Bb8 58. a6 1-0

[Event "C.to Europeo U16"]
[Site "Fermo ITA"]
[Date "2009.09.09"]
[Round "9"]
[White "Kokotovic, Aleksandar"]
[Black "Godart, Francois"]
[Result "0-1"]
[WhiteElo "1967"]
[BlackElo "2179"]
[PlyCount "76"]
[EventDate "2009.08.31"]

1. e4 c6 2. c4 d5 3. exd5 cxd5 4. cxd5 Nf6 5. Nc3 Nxd5 6. Nf3 Nc6 7. Bc4 e6 8.
O-O Be7 9. d4 O-O 10. h3 a6 11. a3 b5 12. Nxd5 bxc4 13. Nxe7+ Nxe7 14. Qc2 Bb7
15. Qxc4 Bxf3 16. gxf3 Nf5 17. Be3 Nh4 18. Rfd1 Nxf3+ 19. Kf1 Qh4 20. Qc6 Qxh3+
21. Ke2 Nh4 22. Rac1 Qg4+ 23. f3 Qg2+ 24. Bf2 Nf5 25. Rc4 h6 26. Rg1 Qh2 27.
Qa4 Rfd8 28. Ke1 e5 29. d5 Rxd5 30. Qc2 Rad8 31. Rc8 Qf4 32. Bb6 Rxc8 33. Qxc8+
Kh7 34. Qc2 g6 35. Qb3 Qd2+ 36. Kf1 Qd1+ 37. Qxd1 Rxd1+ 38. Kf2 Rd2+ 0-1

[Event "C.to Europeo U16"]
[Site "Fermo ITA"]
[Date "2009.09.09"]
[Round "9"]
[White "Kovalev, Vladislav"]
[Black "Lortkipanidze, Nodar"]
[Result "1/2-1/2"]
[WhiteElo "2307"]
[BlackElo "2218"]
[PlyCount "23"]
[EventDate "2009.08.31"]

1. e4 e6 2. d4 d5 3. Nc3 Nf6 4. e5 Nfd7 5. f4 c5 6. Nf3 Nc6 7. Be3 Rb8 8. Qd2
Qa5 9. a3 b5 10. g4 b4 11. Ne2 Ba6 12. f5 1/2-1/2

[Event "C.to Europeo U16"]
[Site "Fermo ITA"]
[Date "2009.09.09"]
[Round "9"]
[White "Marconi, Gabriele"]
[Black "Mraz, Martin"]
[Result "0-1"]
[WhiteElo "1795"]
[BlackElo "1813"]
[PlyCount "102"]
[EventDate "2009.08.31"]

1. d4 d5 2. Nf3 Nf6 3. e3 c5 4. b3 Nc6 5. Bb2 Bg4 6. Nbd2 e6 7. c4 cxd4 8. exd4
dxc4 9. bxc4 Bb4 10. Be2 O-O 11. O-O Qe7 12. Qc2 Rfd8 13. Rad1 Rac8 14. h3 Bh5
15. Ne4 Nxe4 16. Qxe4 Bg6 17. Qg4 Bf5 18. Qg3 Bd6 19. Qg5 Qxg5 20. Nxg5 Be7 21.
Nf3 Bf6 22. Rfe1 h6 23. Rd2 Be4 24. Red1 Na5 25. c5 Nc6 26. a3 Ne7 27. Bc3 Nd5
28. Bb4 Rd7 29. Bb5 Rdd8 30. Nh2 Nxb4 31. axb4 a6 32. Be2 Bc6 33. Bf3 Rd7 34.
Bxc6 bxc6 35. Nf3 Rb7 36. Rb1 Rcb8 37. Ra1 Ra8 38. Rda2 Rxb4 39. Rxa6 Rxa6 40.
Rxa6 Bxd4 41. Rxc6 Rb1+ 42. Kh2 Bxf2 43. Rc8+ Kh7 44. c6 Rc1 45. Ne5 Rc3 46.
Kh1 Bg3 47. Nf3 Rc1+ 48. Ng1 Bf2 49. c7 Rxg1+ 50. Kh2 Rc1 51. g4 Bb6 0-1

[Event "C.to Europeo U16"]
[Site "Fermo ITA"]
[Date "2009.09.09"]
[Round "9"]
[White "Marguerettaz, Davy"]
[Black "Rabatin, Jakub"]
[Result "1-0"]
[WhiteElo "2048"]
[BlackElo "2175"]
[PlyCount "51"]
[EventDate "2009.08.31"]

1. e4 c5 2. Nf3 d6 3. d4 cxd4 4. Qxd4 Nc6 5. Bb5 Bd7 6. Bxc6 Bxc6 7. Nc3 Nf6 8.
Bg5 e6 9. O-O-O Be7 10. Rhe1 O-O 11. Kb1 Qa5 12. Qd2 Qc7 13. Nd4 Rfd8 14. f3
Rab8 15. g4 b5 16. Nce2 b4 17. Ng3 a5 18. Nh5 Kh8 19. Bxf6 gxf6 20. Qh6 Rg8 21.
Nxf6 Rg7 22. Rg1 a4 23. Rg3 Be8 24. g5 a3 25. Rh3 Bxf6 26. gxf6 1-0

[Event "C.to Europeo U16"]
[Site "Fermo ITA"]
[Date "2009.09.09"]
[Round "9"]
[White "Orava, Aleksander"]
[Black "Anaya Lopez, Gonzalo Javier"]
[Result "1-0"]
[WhiteElo "1794"]
[BlackElo "1871"]
[PlyCount "47"]
[EventDate "2009.08.31"]

1. d4 Nf6 2. Nc3 g6 3. e4 d6 4. f3 Bg7 5. Be3 O-O 6. Qd2 Nbd7 7. O-O-O c6 8.
Kb1 b5 9. g4 b4 10. Nce2 Nb6 11. Nc1 a5 12. h4 Rb8 13. h5 Na4 14. Ka1 c5 15.
Bh6 Nxe4 16. Qe3 Nf6 17. Bxg7 Kxg7 18. hxg6 fxg6 19. Qh6+ Kg8 20. g5 Nh5 21.
Rxh5 gxh5 22. g6 hxg6 23. Qxg6+ Kh8 24. Bd3 1-0

[Event "C.to Europeo U16"]
[Site "Fermo ITA"]
[Date "2009.09.09"]
[Round "9"]
[White "Piscitelli, Vito"]
[Black "Ralys, Vincas"]
[Result "0-1"]
[WhiteElo "2067"]
[BlackElo "1868"]
[PlyCount "38"]
[EventDate "2009.08.31"]

1. e4 e5 2. Bc4 Nf6 3. d4 Nxe4 4. dxe5 c6 5. Qe2 Nc5 6. Nf3 b5 7. Bd3 d6 8. O-O
Be6 9. Re1 Nbd7 10. exd6 Bxd6 11. Ng5 Ne5 12. Nc3 Nexd3 13. cxd3 h6 14. Nxf7
Kxf7 15. d4 Qh4 16. Qf3+ Kg8 17. dxc5 Qxh2+ 18. Kf1 Bc4+ 19. Ne2 Qh1# 0-1

[Event "C.to Europeo U16"]
[Site "Fermo ITA"]
[Date "2009.09.09"]
[Round "9"]
[White "Popilski, Gil"]
[Black "Baghdasaryan, Vahe"]
[Result "1-0"]
[WhiteElo "2392"]
[BlackElo "2275"]
[PlyCount "79"]
[EventDate "2009.08.31"]

1. e4 c5 2. Nf3 e6 3. d4 cxd4 4. Nxd4 a6 5. Bd3 Nf6 6. O-O d6 7. c4 Nbd7 8. Nc3
b6 9. Be3 Bb7 10. f3 Rc8 11. Qd2 Be7 12. Rfc1 O-O 13. Bf1 Qc7 14. Rab1 Qb8 15.
Kh1 Bd8 16. Bg1 Bc7 17. Rc2 Rfd8 18. b4 Qa8 19. Rbc1 h6 20. Nb3 Kh7 21. Nd4 Rg8
22. Na4 Rcd8 23. Qe1 g5 24. c5 dxc5 25. bxc5 bxc5 26. Nb3 Bf4 27. Be3 c4 28.
Na5 Ne5 29. Nxc4 Nxc4 30. Rxc4 e5 31. Rc7 Nd7 32. Bxf4 gxf4 33. Qb4 Rc8 34. Qe7
Rxc7 35. Rxc7 Bc6 36. Nb6 Qb8 37. Qxf7+ Rg7 38. Qf5+ Rg6 39. Rxc6 Nf8 40. Nd7
1-0

[Event "C.to Europeo U16"]
[Site "Fermo ITA"]
[Date "2009.09.09"]
[Round "9"]
[White "Rzayev, Bahruz Iqbal Oglu"]
[Black "Mammadov, Zaur Fazahir Oglu"]
[Result "1/2-1/2"]
[WhiteElo "2228"]
[BlackElo "2235"]
[PlyCount "82"]
[EventDate "2009.08.31"]

1. e4 d5 2. exd5 Nf6 3. d4 Nxd5 4. Nf3 c6 5. c4 Nf6 6. Be2 Bg4 7. O-O e6 8. Nc3
Be7 9. h3 Bh5 10. Bf4 O-O 11. Qd2 Nbd7 12. Rad1 Re8 13. a3 Nf8 14. Ne5 Bxe2 15.
Qxe2 Ng6 16. Bg3 Bd6 17. b4 a6 18. c5 Bc7 19. Nc4 Nf4 20. Bxf4 Bxf4 21. Ne4
Nxe4 22. Qxe4 Qf6 23. g3 Bc7 24. a4 Rad8 25. f4 Qf5 26. Qxf5 exf5 27. Rfe1
Rxe1+ 28. Rxe1 Kf8 29. Rd1 h5 30. h4 Ke7 31. Kf2 g6 32. Kf3 Rd7 33. Ne3 Ke6 34.
b5 axb5 35. axb5 Bd8 36. b6 Bf6 37. Nc2 Kd5 38. Ne3+ Ke6 39. Nc2 Kd5 40. Ne3+
Ke6 41. Nc2 Kd5 1/2-1/2

[Event "C.to Europeo U16"]
[Site "Fermo ITA"]
[Date "2009.09.09"]
[Round "9"]
[White "Schnegg, Daniel"]
[Black "Handler, Lukas"]
[Result "1/2-1/2"]
[WhiteElo "2092"]
[BlackElo "2115"]
[PlyCount "21"]
[EventDate "2009.08.31"]

1. c4 e5 2. e4 Nf6 3. Nc3 Be7 4. d3 d6 5. Nf3 Be6 6. Be3 O-O 7. Be2 Nbd7 8. O-O
a5 9. Ne1 Ne8 10. Nc2 f5 11. exf5 1/2-1/2

[Event "C.to Europeo U16"]
[Site "Fermo ITA"]
[Date "2009.09.09"]
[Round "9"]
[White "Skoulakis, Charalambos"]
[Black "Botto, Julien"]
[Result "1-0"]
[WhiteElo "2132"]
[BlackElo "1906"]
[PlyCount "47"]
[EventDate "2009.08.31"]

1. e4 c5 2. d4 cxd4 3. c3 dxc3 4. Nxc3 Nc6 5. Nf3 e6 6. Bc4 d6 7. O-O a6 8. Qe2
Nf6 9. Rd1 Qc7 10. Be3 Bd7 11. Rac1 Be7 12. Bb3 b5 13. Nd5 Qb7 14. Nxe7 Nxe7
15. Rxd6 Nxe4 16. Rb6 Qa7 17. Rxe6 Qb7 18. Rb6 Qa7 19. Rg6 Qb7 20. Rxg7 Be6 21.
Bxe6 fxe6 22. Ng5 Rg8 23. Nxe4 Qxe4 24. Rxe7+ 1-0

[Event "C.to Europeo U16"]
[Site "Fermo ITA"]
[Date "2009.09.09"]
[Round "9"]
[White "Sochacki, Christophe"]
[Black "Andreev, Sasho"]
[Result "0-1"]
[WhiteElo "2274"]
[BlackElo "2090"]
[PlyCount "70"]
[EventDate "2009.08.31"]

1. e4 c5 2. Nf3 e6 3. d4 cxd4 4. Nxd4 Nf6 5. Nc3 d6 6. g4 a6 7. g5 Nfd7 8. Be3
b5 9. h4 b4 10. Nce2 Bb7 11. Ng3 d5 12. Bg2 dxe4 13. Bxe4 Bxe4 14. Nxe4 Ne5 15.
Qh5 Qd5 16. O-O-O Nbc6 17. Nxc6 Qxc6 18. Ng3 Bd6 19. Bd4 O-O 20. Qe2 Nc4 21.
Ne4 Bf4+ 22. Kb1 Rfd8 23. Qf3 Qc7 24. Rhg1 Rac8 25. Bc5 Qe5 26. c3 bxc3 27.
bxc3 Rb8+ 28. Ka1 Nd2 29. Rxd2 Bxd2 30. Ba3 Qb5 31. Rd1 Qa4 32. Be7 Qc2 33. Bb4
Bxc3+ 34. Nxc3 Rxd1+ 35. Nxd1 Qc1# 0-1

[Event "C.to Europeo U16"]
[Site "Fermo ITA"]
[Date "2009.09.09"]
[Round "9"]
[White "Stella, Andrea"]
[Black "Aghasaryan, Robert"]
[Result "0-1"]
[WhiteElo "2301"]
[BlackElo "2240"]
[PlyCount "60"]
[EventDate "2009.08.31"]

1. d4 d5 2. c4 e6 3. Nf3 c6 4. e3 Nf6 5. b3 Nbd7 6. Bb2 b6 7. Bd3 Bb7 8. O-O
Be7 9. Nc3 O-O 10. Qc2 c5 11. Ne5 h6 12. Rad1 cxd4 13. exd4 a6 14. f4 dxc4 15.
bxc4 b5 16. cxb5 axb5 17. Bxb5 Rc8 18. Nxd7 Nxd7 19. f5 exf5 20. Rxf5 Nf6 21.
Qb3 Qc7 22. Be2 Bd6 23. Nb5 Bxh2+ 24. Kh1 Qc2 25. Bf3 Qxf5 26. Bxb7 Rb8 27. Bc6
Bf4 28. Rf1 Qh5+ 29. Qh3 Rxb5 30. Bxb5 Qxb5 0-1

[Event "C.to Europeo U16"]
[Site "Fermo ITA"]
[Date "2009.09.09"]
[Round "9"]
[White "Strzemiecki, Zbigniew"]
[Black "Van Kampen, Robin"]
[Result "1/2-1/2"]
[WhiteElo "2314"]
[BlackElo "2383"]
[PlyCount "99"]
[EventDate "2009.08.31"]

1. e4 c5 2. Nf3 Nc6 3. d4 cxd4 4. Nxd4 Nf6 5. Nc3 d6 6. f3 e5 7. Nb3 Be7 8. Be3
O-O 9. Qd2 a5 10. Bb5 Be6 11. Rd1 Na7 12. Bd3 Nc8 13. O-O a4 14. Nc1 Nb6 15.
Qf2 Nc4 16. Bxc4 Bxc4 17. Nd3 Qc8 18. a3 Bd8 19. Rfe1 Ba5 20. Nb4 Qc7 21. Qd2
Rfd8 22. Kh1 h6 23. Qc1 b5 24. Bf2 Kh7 25. Rg1 Rac8 26. Qe3 Qb7 27. Rd2 Be6 28.
Rgd1 Ne8 29. Nb1 Rc4 30. c3 Rd7 31. Nd5 Bd8 32. Qe2 Qb8 33. Rd3 Nf6 34. Nxf6+
Bxf6 35. Qe1 Rc8 36. Nd2 Qb7 37. Nf1 Bb3 38. R1d2 Rcd8 39. Ne3 Bg5 40. Bh4 Bxe3
41. Qxe3 f6 42. Rf2 Bc4 43. Rd1 Kg8 44. h3 d5 45. exd5 Rxd5 46. Rfd2 Bb3 47.
Rxd5 Rxd5 48. Rxd5 Qxd5 49. Kh2 Bc4 50. Bg3 1/2-1/2

[Event "C.to Europeo U16"]
[Site "Fermo ITA"]
[Date "2009.09.09"]
[Round "9"]
[White "Tsirekidze, Giorgi"]
[Black "Stoeri, Simon"]
[Result "0-1"]
[WhiteElo "1864"]
[BlackElo "1974"]
[PlyCount "48"]
[EventDate "2009.08.31"]

1. d4 Nf6 2. c4 g6 3. Nc3 Bg7 4. g3 O-O 5. Bg2 d6 6. Nf3 Nbd7 7. O-O e5 8. e4
exd4 9. Nxd4 Re8 10. Re1 a6 11. f3 Rb8 12. Be3 Ne5 13. b3 c5 14. Nc2 b5 15. Qe2
bxc4 16. bxc4 Qa5 17. Bd2 Be6 18. Nd5 Qa4 19. Nce3 Rb2 20. h3 Nxd5 21. exd5
Bxh3 22. Nd1 Nxf3+ 23. Qxf3 Rxe1+ 24. Bxe1 Rxg2+ 0-1

[Event "C.to Europeo U16"]
[Site "Fermo ITA"]
[Date "2009.09.09"]
[Round "9"]
[White "Vlasak, Lukas"]
[Black "Danilenko, Dmitriy"]
[Result "0-1"]
[WhiteElo "2177"]
[BlackElo "2290"]
[PlyCount "60"]
[EventDate "2009.08.31"]

1. e4 Nf6 2. e5 Nd5 3. c4 Nb6 4. d4 d6 5. exd6 exd6 6. h3 Be7 7. Nf3 O-O 8. Bd3
Nc6 9. Nc3 Bf6 10. O-O Re8 11. b3 Nb4 12. Bb1 c5 13. Be3 g6 14. a3 Na6 15. Ra2
d5 16. Rd2 Be6 17. Nb5 dxc4 18. dxc5 Nd5 19. bxc4 Nxe3 20. fxe3 Qe7 21. Nd6
Red8 22. c6 bxc6 23. Be4 Bc3 24. Rd3 Nc5 25. Rxc3 Nxe4 26. Nxe4 Rxd1 27. Rxd1
Bxh3 28. Nd6 Bg4 29. e4 Rb8 30. c5 Rb2 0-1

[Event "C.to Europeo U16 femminile"]
[Site "Fermo ITA"]
[Date "2009.08.31"]
[Round "1"]
[White "Adamowicz, Katarzyna"]
[Black "Fransson, Angelina"]
[Result "1-0"]
[WhiteElo "2121"]
[BlackElo "1844"]
[PlyCount "65"]
[EventDate "2009.08.31"]

1. e4 c5 2. Nf3 d6 3. d4 cxd4 4. Nxd4 Nf6 5. Nc3 e6 6. Be2 Be7 7. O-O O-O 8.
Be3 a6 9. f4 Qc7 10. Bf3 Nc6 11. Qe1 Nxd4 12. Bxd4 e5 13. fxe5 dxe5 14. Qg3 Bc5
15. Bxc5 Qxc5+ 16. Kh1 Be6 17. Be2 Kh8 18. Qh4 Rfd8 19. Rxf6 gxf6 20. Qxf6+ Kg8
21. Rf1 Rac8 22. Bh5 Rd7 23. Rf3 Rcd8 24. Nd5 Bxd5 25. Rg3+ Kf8 26. Qh8+ Ke7
27. Qxe5+ Kf8 28. exd5 Rxd5 29. Qg7+ Ke7 30. Qxf7+ Kd6 31. Rc3 Qa5 32. Qf6+ Kd7
33. Bg4+ 1-0

[Event "C.to Europeo U16 femminile"]
[Site "Fermo ITA"]
[Date "2009.08.31"]
[Round "1"]
[White "Arabidze, Meri"]
[Black "Haitovich, Avital"]
[Result "1-0"]
[WhiteElo "2217"]
[BlackElo "1890"]
[PlyCount "115"]
[EventDate "2009.08.31"]

1. d4 d5 2. c4 dxc4 3. Nf3 Nf6 4. e3 e6 5. Bxc4 c5 6. Qe2 a6 7. O-O b5 8. Bb3
Bb7 9. Nc3 b4 10. Na4 Nbd7 11. Rd1 Qc7 12. Bd2 cxd4 13. Rac1 Qb8 14. exd4 Bd5
15. Bxd5 Nxd5 16. Nc5 Nxc5 17. dxc5 Be7 18. Nd4 Qc8 19. Qc4 Rb8 20. Nf5 exf5
21. Qxd5 O-O 22. Qc4 a5 23. Bf4 Ra8 24. c6 Bf6 25. Rc2 Re8 26. h3 Re4 27. Qd5
Rxf4 28. c7 h6 29. Qxa8 Qxa8 30. c8=Q+ Qxc8 31. Rxc8+ Kh7 32. Rc2 a4 33. Rd3
Re4 34. Kf1 Re6 35. Rd7 a3 36. bxa3 bxa3 37. Rxf7 Rb6 38. Rfc7 Rb1+ 39. Rc1 Rb6
40. Ra7 Bb2 41. Rc2 Rd6 42. Re7 Rd1+ 43. Re1 Rd6 44. Rb1 Bf6 45. Rb3 Ra6 46.
Ke2 Ra4 47. Rd2 Re4+ 48. Kf3 Ra4 49. Rd5 f4 50. Ke2 Kg6 51. Kd2 Bd4 52. Rd6+
Kh5 53. Rb5+ Kh4 54. Rg6 h5 55. Rgg5 Bxf2 56. Ke2 Be3 57. Kf3 g6 58. Rxg6 1-0

[Event "C.to Europeo U16 femminile"]
[Site "Fermo ITA"]
[Date "2009.08.31"]
[Round "1"]
[White "Arnatskaya, Zoya"]
[Black "Foisor, Mihaela-Veronica"]
[Result "0-1"]
[WhiteElo "1847"]
[BlackElo "2123"]
[PlyCount "96"]
[EventDate "2009.08.31"]

1. e4 e6 2. Nc3 d5 3. d4 Nf6 4. e5 Nfd7 5. Nf3 c5 6. dxc5 Bxc5 7. Bd3 Nc6 8.
Qe2 a6 9. a4 Qc7 10. Bf4 Nd4 11. Qd1 Nxf3+ 12. Qxf3 Nxe5 13. Qg3 f6 14. O-O Bd6
15. Rfe1 O-O 16. Ne2 Rd8 17. Nd4 Nxd3 18. Bxd6 Qxd6 19. cxd3 Qxg3 20. hxg3 e5
21. Nb3 d4 22. Nd2 Bf5 23. Ne4 Rac8 24. Rac1 Bxe4 25. dxe4 Kf7 26. Kf1 Ke7 27.
Ke2 Rc6 28. f4 Rdc8 29. Rxc6 Rxc6 30. Kd3 Rb6 31. Kc2 Rb4 32. Rh1 h6 33. Ra1
Kd6 34. Ra3 Rc4+ 35. Kd2 Rb4 36. Kc2 h5 37. f5 Ke7 38. Ra1 Kf7 39. Rh1 Rxa4 40.
Rxh5 Ra1 41. Kd2 Rg1 42. Rh2 b5 43. g4 Rb1 44. Kc2 Re1 45. Kd3 Re3+ 46. Kc2
Rxe4 47. Rh8 Rxg4 48. Ra8 Rxg2+ 0-1

[Event "C.to Europeo U16 femminile"]
[Site "Fermo ITA"]
[Date "2009.08.31"]
[Round "1"]
[White "Bluebaum, Johanna"]
[Black "Polin, Giulia"]
[Result "1-0"]
[WhiteElo "2008"]
[BlackElo "1711"]
[PlyCount "55"]
[EventDate "2009.08.31"]

1. d4 d5 2. c4 e6 3. Nc3 Nf6 4. cxd5 exd5 5. Bg5 Be7 6. e3 Bf5 7. Qb3 Be6 8.
Qxb7 Nbd7 9. Qb3 O-O 10. Bd3 c5 11. Qd1 Qb6 12. Rb1 h6 13. Bh4 cxd4 14. exd4
Rfe8 15. Nge2 Bg4 16. O-O Rac8 17. f3 Be6 18. Bf2 Bd6 19. Re1 Kh8 20. Qd2 Qb8
21. Bg3 Bxg3 22. Nxg3 Qd6 23. Rbc1 Nb8 24. Na4 Nfd7 25. Bb1 Qf8 26. Qd3 g6 27.
Qb5 Nc6 28. Rxc6 1-0

[Event "C.to Europeo U16 femminile"]
[Site "Fermo ITA"]
[Date "2009.08.31"]
[Round "1"]
[White "Brunello, Marina"]
[Black "Kolomaznikova, Barbora"]
[Result "1-0"]
[WhiteElo "2159"]
[BlackElo "1864"]
[PlyCount "69"]
[EventDate "2009.08.31"]

1. e4 c5 2. c3 d5 3. exd5 Qxd5 4. d4 g6 5. Nf3 Bg7 6. Be3 cxd4 7. cxd4 Qa5+ 8.
Nc3 Nf6 9. Bc4 O-O 10. O-O e6 11. a3 Nbd7 12. Rc1 Nb6 13. Ba2 Nbd5 14. Nxd5
Nxd5 15. Rc5 Qd8 16. Bxd5 exd5 17. Qb3 b6 18. Rc3 Be6 19. Rfc1 Rc8 20. Rxc8
Bxc8 21. Bg5 Qd6 22. Qa4 Qd7 23. Qc2 Re8 24. Be3 Bb7 25. Qc7 Re7 26. Qb8+ Qe8
27. Qxe8+ Rxe8 28. Rc7 Ba6 29. Rxa7 Bc4 30. Rb7 b5 31. h3 Be2 32. Nd2 Bf6 33.
Nb1 Re7 34. Rb8+ Kg7 35. Nc3 1-0

[Event "C.to Europeo U16 femminile"]
[Site "Fermo ITA"]
[Date "2009.08.31"]
[Round "1"]
[White "Bulmaga, Irina"]
[Black "Messina, Roberta"]
[Result "1-0"]
[WhiteElo "2277"]
[BlackElo "1900"]
[PlyCount "47"]
[EventDate "2009.08.31"]

1. e4 e6 2. d4 d5 3. Nc3 dxe4 4. Nxe4 Nf6 5. Bd3 Be7 6. Nf3 Nbd7 7. O-O Nxe4 8.
Bxe4 Nf6 9. Bd3 O-O 10. Ne5 c5 11. dxc5 Bxc5 12. Bg5 Be7 13. Qe2 Qc7 14. c3 Rd8
15. Rad1 Rd5 16. Rfe1 h6 17. Bf4 Qb6 18. Bb1 a5 19. Rxd5 Nxd5 20. Qh5 g6 21.
Bxg6 Nxf4 22. Bh7+ Kxh7 23. Qxf7+ Kh8 24. Qe8+ 1-0

[Event "C.to Europeo U16 femminile"]
[Site "Fermo ITA"]
[Date "2009.08.31"]
[Round "1"]
[White "Casolino, Rosamaria"]
[Black "Abdulla, Khayala Mardan Qizi"]
[Result "0-1"]
[WhiteElo "1826"]
[BlackElo "2113"]
[PlyCount "88"]
[EventDate "2009.08.31"]

1. e4 c5 2. Nc3 e6 3. g3 Nc6 4. Bg2 g6 5. d3 Bg7 6. Be3 d6 7. Qd2 Nge7 8. Nge2
O-O 9. Bh6 Bxh6 10. Qxh6 Nd4 11. Qd2 e5 12. h4 f6 13. f4 Bg4 14. Nxd4 cxd4 15.
Nd1 Qd7 16. Nf2 exf4 17. Qxf4 Be6 18. Qd2 Rac8 19. b3 Qc7 20. Rc1 d5 21. Qf4
Qa5+ 22. Qd2 Qxa2 23. O-O dxe4 24. dxe4 Qb2 25. Nd1 Qa3 26. Nf2 Qd6 27. Kh2 Rc3
28. Nd3 Nc6 29. Qf2 Ne5 30. Nxe5 fxe5 31. Qe2 Rfc8 32. h5 Bxb3 33. Qf2 Bc4 34.
Rfe1 Rf8 35. Qd2 Qf6 36. Rb1 Qf2 37. Qg5 Rxc2 38. Rg1 Qf6 39. Qxf6 Rxf6 40.
Rxb7 Rff2 41. hxg6 hxg6 42. Rxa7 Bf1 43. Rxf1 Rxf1 44. Kh3 Rff2 0-1